<?xml version="1.0" encoding="UTF-8"?>
<record
    xmlns:xsi="http://www.w3.org/2001/XMLSchema-instance"
    xsi:schemaLocation="http://www.loc.gov/MARC21/slim http://www.loc.gov/standards/marcxml/schema/MARC21slim.xsd"
    xmlns="http://www.loc.gov/MARC21/slim">

  <leader>01330cam a22002655a 4500</leader>
  <controlfield tag="001">18579174</controlfield>
  <controlfield tag="005">20201128023725.0</controlfield>
  <controlfield tag="008">150417s2016    enka   frb    001 0 eng d</controlfield>
  <datafield tag="020" ind1=" " ind2=" ">
    <subfield code="a">9781138847071 (pbk.)</subfield>
  </datafield>
  <datafield tag="040" ind1=" " ind2=" ">
    <subfield code="a">DLC</subfield>
    <subfield code="b">eng</subfield>
    <subfield code="c">DLC</subfield>
    <subfield code="d">EG-ScBUE</subfield>
  </datafield>
  <datafield tag="082" ind1="0" ind2="4">
    <subfield code="a">658.4038</subfield>
    <subfield code="2">22</subfield>
    <subfield code="b">BEC</subfield>
  </datafield>
  <datafield tag="100" ind1="1" ind2=" ">
    <subfield code="a">Beckford, John,</subfield>
    <subfield code="d">1958-</subfield>
    <subfield code="9">39844</subfield>
  </datafield>
  <datafield tag="245" ind1="1" ind2="4">
    <subfield code="a">The intelligent organisation :</subfield>
    <subfield code="b">realising the value of information /</subfield>
    <subfield code="c">John Beckford, Ph.D.</subfield>
  </datafield>
  <datafield tag="260" ind1=" " ind2=" ">
    <subfield code="a">Oxon ;</subfield>
    <subfield code="a">New York :</subfield>
    <subfield code="b">Routledge / Taylor &amp; Francis Group,</subfield>
    <subfield code="c">2016.</subfield>
  </datafield>
  <datafield tag="300" ind1=" " ind2=" ">
    <subfield code="a">xvii, 217 p. ;</subfield>
    <subfield code="b">ill. :</subfield>
    <subfield code="c">25 cm.</subfield>
  </datafield>
  <datafield tag="500" ind1=" " ind2=" ">
    <subfield code="a">Index : p. [209]-217.</subfield>
  </datafield>
  <datafield tag="504" ind1=" " ind2=" ">
    <subfield code="a">Includes bibliographical references.</subfield>
  </datafield>
  <datafield tag="505" ind1="0" ind2=" ">
    <subfield code="a">The information challenge -- The value of information -- Generating value -- Generating value: cases -- Enabling value -- Enabling value: cases -- Managing autonomy -- Managing autonomy: cases -- The information factory -- The information factory: cases -- Managing performance -- Managing performance: cases -- The intelligent organization and public services -- Dissolving the challenge: diagnosis, prognosis, treatment.</subfield>
  </datafield>
  <datafield tag="650" ind1=" " ind2="7">
    <subfield code="a">Information technology</subfield>
    <subfield code="x">Management.</subfield>
    <subfield code="2">BUEsh</subfield>
    <subfield code="9">12426</subfield>
  </datafield>
  <datafield tag="650" ind1=" " ind2="7">
    <subfield code="a">Knowledge management.</subfield>
    <subfield code="2">BUEsh</subfield>
    <subfield code="9">12057</subfield>
  </datafield>
  <datafield tag="650" ind1=" " ind2="7">
    <subfield code="a">Organizational effectiveness.</subfield>
    <subfield code="2">BUEsh</subfield>
    <subfield code="9">891</subfield>
  </datafield>
  <datafield tag="651" ind1=" " ind2=" ">
    <subfield code="2">BUEsh</subfield>
  </datafield>
  <datafield tag="653" ind1=" " ind2=" ">
    <subfield code="b">BUSADM</subfield>
    <subfield code="c">April2016</subfield>
  </datafield>
  <datafield tag="942" ind1=" " ind2=" ">
    <subfield code="2">ddc</subfield>
  </datafield>
  <datafield tag="999" ind1=" " ind2=" ">
    <subfield code="c">21644</subfield>
    <subfield code="d">21616</subfield>
  </datafield>
  <datafield tag="952" ind1=" " ind2=" ">
    <subfield code="0">0</subfield>
    <subfield code="1">0</subfield>
    <subfield code="2">ddc</subfield>
    <subfield code="4">0</subfield>
    <subfield code="7">0</subfield>
    <subfield code="8">Alahram</subfield>
    <subfield code="a">MAIN</subfield>
    <subfield code="b">MAIN</subfield>
    <subfield code="c">1ST</subfield>
    <subfield code="d">2016-04-18</subfield>
    <subfield code="e">Purchase</subfield>
    <subfield code="g">444.00</subfield>
    <subfield code="l">0</subfield>
    <subfield code="o">658.4038 BEC</subfield>
    <subfield code="p">000032374</subfield>
    <subfield code="r">2025-07-15 00:00:00</subfield>
    <subfield code="v">555.00</subfield>
    <subfield code="y">BB</subfield>
  </datafield>
</record>
